Jaimati-Godapani : Ek Amar Damptya Prem Gatha (Record no. 65596)
[ view plain ]
| 000 -LEADER | |
|---|---|
| fixed length control field | 00564nam a2200193Ia 4500 |
| 001 - CONTROL NUMBER | |
| control field | 64496 |
| 008 - FIXED-LENGTH DATA ELEMENTS--GENERAL INFORMATION | |
| fixed length control field | 210324n2018 ii |||gr||||Z||||||465 |
| 020 ## - INTERNATIONAL STANDARD BOOK NUMBER | |
| International Standard Book Number | 9789381287972 |
| 082 ## - DEWEY DECIMAL CLASSIFICATION NUMBER | |
| Classification number | 891.41182 |
| 100 ## - MAIN ENTRY--PERSONAL NAME | |
| Personal name | Konwar. |
| 245 #0 - TITLE STATEMENT | |
| Title | Jaimati-Godapani : Ek Amar Damptya Prem Gatha |
| Statement of responsibility, etc. | By Balin Kumar Konwar |
| Medium | Textual Documents |
| 250 ## - EDITION STATEMENT | |
| Edition statement | First. |
| 260 ## - PUBLICATION, DISTRIBUTION, ETC. | |
| Place of publication, distribution, etc. | Gauhati |
| Name of publisher, distributor, etc. | Papyrus; Books & beyond |
| Date of publication, distribution, etc. | 2018 |
| 300 ## - PHYSICAL DESCRIPTION | |
| Extent | 242pg: |
| Other physical details | picture; |
| Dimensions | 23cm. |
| 653 ## - INDEX TERM--UNCONTROLLED | |
| Uncontrolled term | Assamese |
| 653 ## - INDEX TERM--UNCONTROLLED | |
| Uncontrolled term | Jaimati-Godapani : Ek Amar Damptya Prem Gatha |
| 653 ## - INDEX TERM--UNCONTROLLED | |
| Uncontrolled term | G-Assamese |
| 942 ## - ADDED ENTRY ELEMENTS (KOHA) | |
| Source of classification or shelving scheme | Dewey Decimal Classification |
| Koha item type | Books |
| Withdrawn status | Lost status | Damaged status | Not for loan | Collection | Home library | Current library | Shelving location | Date acquired | Coded location qualifier | Cost, normal purchase price | Total checkouts | Total renewals | Full call number | Barcode | Date last seen | Date last checked out | Copy number | Price effective from | Koha item type | Date due |
|---|---|---|---|---|---|---|---|---|---|---|---|---|---|---|---|---|---|---|---|---|
| Dr. Suryya Kumar Bhuyan Library | Dr. Suryya Kumar Bhuyan Library | 24/03/2021 | 00000 | 399.00 | 1 | 2 | 891.41182 Ko 849 Ja | 6251/gift | 14/05/2025 | 11/04/2025 | 1 | 24/03/2021 | Books | |||||||
| Dr. Suryya Kumar Bhuyan Library | Dr. Suryya Kumar Bhuyan Library | 24/03/2021 | 00000 | 399.00 | 1 | 1 | 891.41182 Ko 849 Ja | 6249/Gift | 09/06/2025 | 13/03/2025 | 2 | 24/03/2021 | Books | |||||||
| Dr. Suryya Kumar Bhuyan Library | Dr. Suryya Kumar Bhuyan Library | 24/03/2021 | 00000 | 399.00 | 1 | 891.41182 Ko 849 Ja | 6250/gift | 24/02/2026 | 24/02/2026 | 3 | 24/03/2021 | Books | 17/03/2026 |
